Marketing in India (Record no. 5481)
[ view plain ]
| 000 -LEADER | |
|---|---|
| fixed length control field | 00338nam a2200145Ia 4500 |
| 008 - FIXED-LENGTH DATA ELEMENTS--GENERAL INFORMATION | |
| fixed length control field | 191201s2012 xx 000 0 und d |
| 082 ## - DEWEY DECIMAL CLASSIFICATION NUMBER | |
| Classification number | 658.8 |
| Item number | NEM |
| 100 ## - MAIN ENTRY--PERSONAL NAME | |
| Personal name | Neelamegham, S |
| 245 #0 - TITLE STATEMENT | |
| Title | Marketing in India |
| 250 ## - EDITION STATEMENT | |
| Edition statement | Rev |
| 260 ## - PUBLICATION, DISTRIBUTION, ETC. (IMPRINT) | |
| Place of publication, distribution, etc | N.Delhi |
| Name of publisher, distributor, etc | Vikas Publication House |
| Date of publication, distribution, etc | 2012 |
| 300 ## - PHYSICAL DESCRIPTION | |
| Extent | 706 |
| 650 ## - SUBJECT ADDED ENTRY--TOPICAL TERM | |
| Topical term or geographic name as entry element | MBA |
| 942 ## - ADDED ENTRY ELEMENTS (KOHA) | |
| Source of classification or shelving scheme | Dewey Decimal Classification |
| Koha item type | Text Books |
| Withdrawn status | Lost status | Source of classification or shelving scheme | Damaged status | Not for loan | Collection code | Home library | Current library | Date acquired | Source of acquisition | Cost, normal purchase price | Bill Number | Total Checkouts | Full call number | Acc. no. / Barcode | Date last seen | Date last borrowed | Bill Date | Koha item type |
|---|---|---|---|---|---|---|---|---|---|---|---|---|---|---|---|---|---|---|
| Dewey Decimal Classification | MBA | PIET C-LIBRARY | PIET C-LIBRARY | 25/08/2012 | IBH, New Delhi | 450.00 | 9099 | 1 | 658.8 NEM | 20827 | 30/11/2023 | 17/11/2023 | 24/08/2012 | Text Books | ||||
| Dewey Decimal Classification | MBA | PIET C-LIBRARY | PIET C-LIBRARY | 25/08/2012 | IBH, New Delhi | 450.00 | 9099 | 658.8 NEM | 20828 | 04/12/2019 | 24/08/2012 | Text Books | ||||||
| Dewey Decimal Classification | MBA | PIET C-LIBRARY | PIET C-LIBRARY | 25/08/2012 | IBH, New Delhi | 450.00 | 9099 | 658.8 NEM | 20829 | 04/12/2019 | 24/08/2012 | Text Books | ||||||
| Dewey Decimal Classification | MBA | PIET C-LIBRARY | PIET C-LIBRARY | 25/08/2012 | IBH, New Delhi | 450.00 | 9099 | 658.8 NEM | 20830 | 04/12/2019 | 24/08/2012 | Text Books | ||||||
| Dewey Decimal Classification | MBA | PIET C-LIBRARY | PIET C-LIBRARY | 25/08/2012 | IBH, New Delhi | 450.00 | 9099 | 658.8 NEM | 20831 | 04/12/2019 | 24/08/2012 | Text Books | ||||||
| Dewey Decimal Classification | MBA | PIET C-LIBRARY | PIET C-LIBRARY | 25/08/2012 | IBH, New Delhi | 450.00 | 9099 | 658.8 NEM | 20832 | 04/12/2019 | 24/08/2012 | Text Books | ||||||
| Dewey Decimal Classification | MBA | PIET C-LIBRARY | PIET C-LIBRARY | 25/08/2012 | IBH, New Delhi | 450.00 | 9099 | 658.8 NEM | 20833 | 04/12/2019 | 24/08/2012 | Text Books |